Rozhodovací proces podnikov pri výbere bánk a bankových produktov

Na minha lista:
Detalhes bibliográficos
Autor principal: Maskaľová, Zuzana
Outros Autores: Naščáková, Jana
Formato: Capítulo de Livro
Idioma:eslovaco
Assuntos:
Tags: Adicionar Tag
Sem tags, seja o primeiro a adicionar uma tag!

MARC

LEADER 00000naa$a2200000$$$4500
001 0182924
005 20240502073128.9
041 0 |a slo 
044 |a SK 
245 1 0 |a Rozhodovací proces podnikov pri výbere bánk a bankových produktov  |c Zuzana Maskaľová, Jana Naščáková 
500 |a Abstrakt 
610 2 0 |a banky obchodné 
610 2 0 |a služby bankové 
610 2 0 |a produkty 
610 2 0 |a podnik 
610 2 0 |a nákup 
610 2 0 |a správanie 
610 2 0 |a procesy rozhodovacie 
100 1 |a Maskaľová, Zuzana 
700 1 |a Naščáková, Jana